Statistics for Shades of Blue

Click here to take the quiz!

General Stats

  • This quiz has been taken 24 times
  • The average score is 4 of 11

Answer Stats

HintColor% Correct
DarkNavy
95%
MediumSky
86%
DarkTeal
57%
NormalBlue
52%
MediumAzure
43%
LightCyan
38%
LightBaby Blue
19%
MediumCornflower Blue
19%
DarkMidnight
19%
NormalPrussian Blue
10%
NormalCobalt Blue
10%

Score Distribution

Percentile by Number Answered

Percent of People with Each Score

Your Score History

You have not taken this quiz